| 000 | 00628nam a22002057a 4500 | ||
|---|---|---|---|
| 003 | LK-CoDNM | ||
| 005 | 20241014113116.0 | ||
| 008 | 241014b |||||||| |||| 00| 0 eng d | ||
| 040 |
_aLK-CoDNM _dLK-CoDNM _eLK-CoDNM |
||
| 041 | _asin | ||
| 080 |
_aප්ර.ක _b191.1 |
||
| 100 | _aසොල්මන්ද අල්විස් මහතා | ||
| 245 |
_aකවිකලාව _b1 කාණ්ඩය 1.2 කලාපය _c1961 |
||
| 300 | _a22 CM | ||
| 650 | _aකවිකලාව | ||
| 650 | _a1 කාණ්ඩය 1.2 කලාපය | ||
| 650 | _a1961 | ||
| 650 | _aප්ර.ක 191 | ||
| 942 | _cBK | ||
| 999 |
_c219210 _d219210 |
||